000 00357nam a2200157Ia 4500
003 Ost
005 20260225132557.0
008 260225s9999||||xx |||||||||||||| ||und||
040 _cfsic
041 _afre
082 _a302.23
100 _aPierre bourdieu
_eAuteur
245 0 _aSociologie de l'Algérie /
245 0 _cPierre bourdieu
942 _cكتاب
999 _c34498
_d34498